• 首页
  • 本馆介绍
  • 公告通知
  • 最新文献
  • 馆藏检索
  • 电子资源
  • 读者导购
  • 参考咨询
  • 我的图书馆
  • 登录
  • 详细信息显示
  • 放入我的书架
  • 预约/预借图书
  • 作者相关作品
  • 分类相关作品
  • 丛书相关作品
  • 出版社相关作品

书目信息

  • 表格格式
  • 工作单格式
  • 卡片格式
题名:
聚乳酸纤维及其纺织品
    
 
作者: 吴改红 , 刘淑强 著
分册:  
出版信息: 上海   东华大学出版社  2014
页数: 243页
开本: 23cm
丛书名:
单 册:
中图分类: TS102.52 , TS106
科图分类:
主题词: 合成纤维--纺织品 , 合成纤维 , 纺织品
电子资源:
ISBN: 978-7-5669-0503-1
000 01105nam0 2200289 450
001 012015000827
005 20150911084054.93
010    @a978-7-5669-0503-1@dCNY60.00
100    @a20140919d2014 em y0chiy50 ea
101 0  @achi
102    @aCN@b310000
105    @ay z 000yy
106    @ar
200 1  @a聚乳酸纤维及其纺织品@Aju ru suan xian wei ji qi fang zhi pin@dPoly (lactic acid) fiber and its textiles@f吴改红,刘淑强著@zeng
210    @a上海@c东华大学出版社@d2014
215    @a243页@d23cm
330    @a本书以聚乳酸纤维为主体,主要探讨聚乳酸纤维的基本概况、熔融纺丝、耐热改性、纱线、织物、染整以及降解,对每个工序的工艺进行了优化分析,研究了纤维、纱线、织物的形貌结构与物理化学性能以及降解行为,并对加工工艺、结构与性能之间的关系进行了分析与探索。
510 1  @aPoly (lactic acid) fiber and its textiles@zeng
606 0  @a合成纤维@x纺织品
606 0  @a合成纤维
606 0  @a纺织品
690    @aTS102.52@v5
690    @aTS106@v5
701  0 @a吴改红@Awu gai hong@4著
701  0 @a刘淑强@Aliu shu qiang@4著
801  0 @aCN@b碧洲教育@c20150718
905    @a10447@f4@dTS102.52@e14
    
    聚乳酸纤维及其纺织品=Poly (lactic acid) fiber and its textiles/吴改红,刘淑强著.-上海:东华大学出版社,2014
    243页;23cm
    
    
    ISBN 978-7-5669-0503-1:CNY60.00
    本书以聚乳酸纤维为主体,主要探讨聚乳酸纤维的基本概况、熔融纺丝、耐热改性、纱线、织物、染整以及降解,对每个工序的工艺进行了优化分析,研究了纤维、纱线、织物的形貌结构与物理化学性能以及降解行为,并对加工工艺、结构与性能之间的关系进行了分析与探索。
●
相关链接 在E读中查询图书 在五车中查询图书 在当当中查询图书 在豆瓣中查询图书


正题名:聚乳酸纤维及其纺织品     索取号:TS102.52/14         预约/预借

序号 登录号 条形码 馆藏地/架位号 状态 备注
1 0847882   208478823   第二样本阅览室/ [索取号:TS102.52/14] 在馆    
2 0847883   208478832   密集书库-生命科学系/ [索取号:TS102.52/14] 在馆    
3 0847884   208478841   第三借阅区/ [索取号:TS102.52/14] 在馆    
4 0847885   208478850   第三借阅区/ [索取号:TS102.52/14] 在馆    
唐山师范学院图书馆 欢迎您!
大连网信软件有限公司© 版权所有